| 000 | 003970000a22001690004500 | ||
|---|---|---|---|
| 003 | MACL | ||
| 005 | 20160102131323.0 | ||
| 008 | 160102b xxu||||| |||| 00| 0 eng d | ||
| 040 |
_aMACL _cMACL |
||
| 041 | _aEnglish | ||
| 082 | _a759/TUR | ||
| 100 |
_aTurner, Percy M _927036 |
||
| 245 | _aMillet | ||
| 260 |
_bT C & E C Jack _aNew York |
||
| 650 |
_aPainting _927037 |
||
| 942 |
_cBK _k759/TUR _2ddc |
||
| 999 |
_c38208 _d38208 |
||